Statistics for Mexico by Picture

Click here to take the quiz!

General Stats

  • This quiz has been taken 328 times
    (99 since last reset)
  • The average score is 12 of 18

Answer Stats

Answer% Correct
Taco
99%
Sombrero
90%
Chihuahua
87%
Maya
84%
Chocolate
82%
Piñata
82%
Día de Muertos
80%
Frida Kahlo
73%
Yucatán
73%
Cancún
73%
Mariachi
71%
Hernán Cortés
64%
Salma Hayek
61%
Acapulco
54%
Margarita
45%
Andrés Manuel López Obrador
44%
Zócalo
31%
Caesar salad
17%

Score Distribution

Percentile by Number Answered

Percent of People with Each Score

Your Score History

You have not taken this quiz since the last reset